00398nam a2200157Ia 4500003000400000005001700004008004100021020001500062040000900077082001900086100002000105245004400125260004100169300000900210650002100219OSt20201008110922.0190216s9999||||xx |||||||||||||| ||und|| a8177222791 coclc a004.678bPRE/I aPreston, Geoff  0aInternet In Easy Steps /cGeoff Preston bDream Tech Press,c2002.aNew Delhi: a192p aComputer Science